| 000 | 00591nam a2200193 a 4500 | ||
|---|---|---|---|
| 005 | 20220526063927.0 | ||
| 008 | 991125s1994 mx 000 0 spa u | ||
| 020 | _a9706290656 | ||
| 035 | _aUPN01000005817 | ||
| 049 | _aLT | ||
| 050 | 4 |
_aLB1651 M6.2 _bN6.2 1994 |
|
| 100 | 1 |
_aNovelo, Geraldine _935281 |
|
| 245 | 1 | 0 |
_aBiología 2 : _bfunciones de los seres vivos / _cGeraldine Novelo, Pedro Valencia. |
| 260 |
_aMéxico : _bSITESA, _c1994. |
||
| 300 |
_a152 p. : _bil. |
||
| 650 | 4 |
_aBiología _xEstudio y enseñanza (Secundaria) _94532 |
|
| 700 | 1 |
_aValencia, Pedro, _ecoaut. |
|
| 905 | _aLibro | ||
| 999 |
_c5817 _d5817 |
||